000 00276nam a2200121 a 4500
001 4144
005 20140414131935.0
008 090317s19uu xx 00 eng d
050 _aREF 591.9
_bC81 2006
245 _aCoral reef.
440 _aWhat can eye see?
999 _c112395
_d112395